L'étranger
Sábháilte in:
| Príomhchruthaitheoir: | |
|---|---|
| Formáid: | LEABHAR |
| Teanga: | Undetermined |
| Foilsithe / Cruthaithe: |
París, Francia
Gallimard
1957
|
| Ábhair: | |
| Clibeanna: |
Cuir clib leis
Níl clibeanna ann, Bí ar an gcéad duine le clib a chur leis an taifead seo!
|
MARC
| LEADER | 00000nam a2200000Ia 4500 | ||
|---|---|---|---|
| 008 | 170316s9999 xx 000 0 und d | ||
| 040 | |a cru BVZT | ||
| 090 | |a 840 C-2et | ||
| 100 | |a Camus, Albert | ||
| 245 | |a L'étranger | ||
| 260 | |a París, Francia | ||
| 260 | |b Gallimard | ||
| 260 | |c 1957 | ||
| 300 | |a 179 páginas | ||
| 650 | |a LITERATURA FRANCESA | ||
| 942 | 0 | 0 | |0 1 |
| 999 | |c 7586 |d 7586 | ||
